000 00930nam a2200253Ia 4500
003 OSt
005 20221005113254.0
006 a|||||r|||| 00| 0
007 ta
008 221004b |||||||| |||| 00| 0 pan d
020 _a8130202670 (hbk)
_c550
024 _a2100
037 _b174, 18/12/2012, Orange Books International
_cTextual
040 _aCRL
_cCRL
_bpan
041 _2pan
_apan
082 _aO153,2N08x, Q0
100 _aਮਨਜੀਤਪਾਲ ਕੌਰ, ਥਦ.
245 0 _aਸੰਤ ਸਿੰਘ ਸੇਖੋ੍ਵ ਰਚਨਾਵਲੀ
260 _aਪਟਿਆਲਾ
_bਪੰਜਾਬੀ ਯੂਨੀਵਰਸਿਟੀ ਭਾਰਤ
_c2010
300 _a448ਪੰ
_ccm.
650 _aਪੰਜਾਬੀ ਸਾਹਿਤ
942 _hO153,2N08x, Q0
_cTEXL
_2cc
999 _c1027612
_d1027612